Os 15 principais países com mortes por Covid19 - 2 mar 2021 - Statistics

Estatísticas Gerais
  • Esse quiz foi jogado 7 vezes
  • A pontuação média é 17 de 24
Estatísticas das Respostas
país % Correto
Alemanha
100%
Argentina
100%
Brasil
100%
Estados Unidos
100%
Índia
100%
Itália
100%
México
100%
Peru
100%
Reino Unido
100%
Rússia
100%
África do Sul
80%
Colômbia
80%
Espanha
80%
França
80%
Irão
80%
Portugal
80%
Bélgica
60%
Eslovénia
60%
Chéquia
40%
Macedónia do Norte
40%
Bósnia e Herzegovina
20%
Bulgária
20%
Croácia
20%
Hungria
0%
Nenhum quiz correspondente encontrado
Distribuição das Pontuações
Porcentagem de Pessoas com Cada Pontuação
Percentil de Números Respondidos
Sua Pontuação Histórica
Você não jogou esse quiz